Cargando...

Keralakavitha 2005/

Detalles Bibliográficos
Autor principal: Ayyappa Paniker K (ed.)
Formato: Printed Book
Publicado: Kottayam: M M Basheer, 2005.
Materias:
LEADER 00659nam a22001691a 4500
999 |c 23909  |d 23909 
082 |a M1  |b AYY/K 
100 |a Ayyappa Paniker K (ed.) 
245 |a Keralakavitha 2005/  |c edited by Ayyappa Paniker K 
260 |a Kottayam:  |b M M Basheer,  |c 2005. 
300 |a 250p. 
650 |a Poetry Malayalam 
650 |a Literature Malayalam 
650 |a Literature 
942 |c BK 
952 |0 0  |1 0  |4 0  |6 M_1_000000000000000_AYY_K  |7 0  |9 34140  |a SSUS  |b SSUS  |d 2015-01-08  |g 75.00  |o M1 AYY/K  |p 049627  |r 2015-01-08  |v 0.00  |w 2015-01-08  |y BK 
952 |0 0  |1 0  |4 0  |6 M_1_000000000000000_AYY_K  |7 0  |9 34141  |a SSUS  |b SSUS  |d 2015-01-08  |g 75.00  |o M1 AYY/K  |p 049628  |r 2015-01-08  |v 0.00  |w 2015-01-08  |y BK